000 00640nam a2200205 i 4500
001 35491
003 ES-MaACL
005 20230906155134.0
007 t|
008 030213s1926 fr ||||1| fre d
100 1 _aBoubier, Maurice.
_930821
245 1 4 _aLes oiseaux, l'ornithologie et ses bases scientifiques /
_cpar Maurice Boubier.
260 _aParís :
_bOctave Doin,
_c1926 (
_eSaint Amand :
_fImp. Bedu)
300 _a305 p. ;
_c16 cm.
490 1 _aEncyclopédie scientifique
650 4 _aOrnitología.
_9136637
830 0 _aEncyclopédie scientifique
_9180883
852 _aES-MaACL
_jB-9737
_bR.18365
999 _c35491
_d35491